Cousin Pons/ (Record no. 48392)
| 000 -BAŞLIK | |
|---|---|
| Sabit Uzunluktaki Kontrol Alanı | 01030nam a22003257a 4500 |
| 001 - KONTROL NUMARASI | |
| Control Dosyası | 0048552 |
| 003 - KONTROL NUMARASI KİMLİĞİ | |
| Kontrol Alanı | KOHA_MİRAKIL |
| 005 - EN SON İŞLEM TARİHİ ve ZAMANI | |
| Kontrol Alanı | 20260207003621.0 |
| 007 - FİZİKSEL TANIM SABİT ALAN - GENEL BİLGİ | |
| Sabit uzunluklu kontrol alanı | ta |
| 008 - SABİT UZUNLUKTAKİ VERİ ÖGELERİ - GENEL BİLGİ | |
| Sabit Alan | 150604b1990 tu |||gr||||#||||1|tur | |
| 020 ## - ISBN - ULUSLARARASI STANDART KİTAP NUMARASI | |
| Isbn | 9751104858 |
| 040 ## - KATALOGLAMA KAYNAĞI | |
| Özgün Kataloglama Kurumu | TR-BiSEU |
| Kataloglama Dili | tur |
| Çeviri Kurumu | TR-BiSEU |
| Açıklama Kuralları | rda |
| 041 0# - DİL KODU | |
| Metin ya da ses kaydının dil kodu | tur |
| 044 ## - YAYINLAYAN/ÜRETEN KURULUŞUN ÜLKE KODU | |
| ISO country code | tu |
| 050 ## - SINIFLAMA ve YER NUMARASI | |
| Sınıflama Numarası | PQ2165 |
| Yer Numarası | .C68 1990 |
| 100 1# - KİŞİ ADI | |
| Yazar Adı (Kişi adı) | Balzac, Honore de. |
| 245 1# - ESER ADI BİLDİRİMİ | |
| Başlık | Cousin Pons/ |
| Sorumluluk Bildirimi | Honore de Balzac ; Honoré de Balzac ; çeviren Vahdi Hatay. |
| 264 #1 - ÜRERİM, YAYIN, DAĞITIM ve TELİF BİLDİRİMİ | |
| Yayın yeri | İstanbul : |
| Yayınlayan | MEB Yayınları |
| Yayın tarihi | 1990 |
| 300 ## - FİZİKSEL TANIMLAMA | |
| Sayfa, Cilt vb. | 222 sayfa ; |
| Boyutları | 18 cm. |
| 336 ## - İÇERİK TÜRÜ | |
| Content type term | metin |
| Content type code | txt |
| Source | rdacontent |
| 337 ## - MEDYA TÜRÜ | |
| Media type term | aracısız |
| Media type code | n |
| Source | rdamedia |
| 338 ## - TAŞIYICI TÜRÜ | |
| Carrier type term | cilt |
| Carrier type code | nc |
| Source | rdacarrier |
| 490 1# - DİZİ BİLDİRİMİ | |
| Dizi Bildirimi | MEB yayınları ; |
| Cilt Numarası | 2112. |
| 490 1# - DİZİ BİLDİRİMİ | |
| Dizi Bildirimi | Bilim ve Kültür Eserleri dizisi ; |
| Cilt Numarası | 423. |
| 490 1# - DİZİ BİLDİRİMİ | |
| Dizi Bildirimi | Dünya Edebiyatından seçmeler ; |
| Cilt Numarası | 71 |
| 830 1# - SERİ EK GİRİŞİ - TEKBİÇİM ESER ADI | |
| Tekbiçim Başlık | MEB yayınları ; |
| Volume number/sequential designation | 2112. |
| 9 (RLIN) | 82962 |
| 830 1# - SERİ EK GİRİŞİ - TEKBİÇİM ESER ADI | |
| Tekbiçim Başlık | Bilim ve Kültür Eserleri dizisi ; |
| Volume number/sequential designation | 423. |
| 9 (RLIN) | 15641 |
| 830 1# - SERİ EK GİRİŞİ - TEKBİÇİM ESER ADI | |
| Tekbiçim Başlık | Dünya Edebiyatından seçmeler ; |
| Volume number/sequential designation | 71 |
| 9 (RLIN) | 44185 |
| 942 ## - EK GİRİŞ ÖGELERİ (KOHA) | |
| Source of classification or shelving scheme | Library of Congress Classification |
| Koha item type | Book |
| Materyal Türü | Kalıcı Konum | Mevcut Konum | Raf Yeri | Sınıflandırma Kaynağı | Edinim Bilgisi | Ana Konular | Alt Konular | Yer Numarası | Cilt Bilgisi | Demirbaş Numarası | Fatura Tarihi | Geri Çekilme Durumu | Kayıp Durumu | Hasarlı Durumu | Kredi için değil | Kayıt Tarih | Toplam Ödünçverme | Son Görülme Tarihi | Son Kontrol Tarihi | Genel / Bağış Notu |
|---|---|---|---|---|---|---|---|---|---|---|---|---|---|---|---|---|---|---|---|---|
| Book | Prof. Dr. Azmi Özcan Kütüphanesi | Prof. Dr. Azmi Özcan Kütüphanesi | Birûni Salonu | Library of Congress Classification | Bağış | DİL VE EDEBİYAT | Fransız - İtalyan - İspanyol - Portekiz Edebiyatı | PQ2165 .C68 1990 | c.2 | 0048552 | 02/02/2026 | 04/06/2015 | 05/12/2024 | 05/12/2024 | Genel Bağış |
